Mastering dbase iii: a structured approach (Record no. 57915)

MARC details
000 -LEADER
fixed length control field 00376nam a2200145Ia 4500
008 - FIXED-LENGTH DATA ELEMENTS--GENERAL INFORMATION
fixed length control field 230917s9999||||xx |||||||||||||| ||und||
040 ## - CATALOGING SOURCE
-- 142743
Original cataloging agency VIVEKANANDA LIBRARY
041 ## - Language
-- English
082 ## - DDC NUMBER
Classification number 658.05423 T663M
100 ## - MAIN ENTRY--PERSONAL NAME
Personal name Townsend, Carl
245 #0 - TITLE STATEMENT
Title Mastering dbase iii: a structured approach
260 ## - PUBLICATION, DISTRIBUTION, ETC. (IMPRINT)
Place of publication, distribution, etc New Delhi
Name of publisher, distributor, etc Publications
Date of publication, distribution, etc 1986
300 ## - PHYSICAL DESCRIPTION
Pages xvi, 338 p.
942 ## - ADDED ENTRY ELEMENTS (KOHA)
Koha item type Books
Holdings
Withdrawn status Lost status Damaged status Not for loan Location (home branch) Sublocation or collection (holding branch) Date acquired Koha issues (times borrowed) Koha full call number Accession No. Koha date last seen Koha item type
        VIVEKANANDA LIBRARY VIVEKANANDA LIBRARY 05/03/2010   658.05423 T663M 128270 17/09/2023 Books
        VIVEKANANDA LIBRARY VIVEKANANDA LIBRARY 05/03/2010   658.05423 T663M 128271 17/09/2023 Books
        VIVEKANANDA LIBRARY VIVEKANANDA LIBRARY 05/03/2010   658.05423 T663M 311374 17/09/2023 Books
© Designed and Maintained by Vivekananda Library, MDU Rohtak